000 00955nam a22003017a 4500
001 7845
003 FISKH
005 20250812083353.0
008 250812b cb ||||| |||| 00| 0 eng d
020 _a978-0746077122
040 _aFISKH
_beng
_cFISKH
_dFISKH
050 _aPZ7.C436 S
082 _a823.92
100 _aChandler, Fiona
245 _aThe sorcerer's apprentice /
_cRetold by Fiona Chandler ; Illustrated by Poly Bernatene
250 _aThis edition first published in 2007
260 _aLondon :
_bUsborne,
_c2007
300 _a48 pages :
_bcolor illustrations ;
_c20 cm
505 _aN
520 _aA sorcerer's young apprentice attempts to practice magic in his master's absence, with disastrous results.
521 8 _a560
_bLexile
521 8 _aN
_bRaz-Plus
650 _2Usborne
_aMagic
650 _2Read with Usborne
_aFolktale
700 _aBernatene, Poly
_dillustrator
942 _2ddc
_cBK
_n0
999 _c7845
_d7845